000 01095nam a2200253 i 4500
001 89136
003 ES-MaACL
005 20250907063053.0
007 t|
008 050105s1904 sp ||||1| spa d
100 1 _aLarra y Cerezo, Ángel de,
_d1858-1910
_970288
245 1 0 _aProblemas higiénicos de la alimentación en las plazas sitiadas
_b: comunicación a la Sección de Medicina Militar en el XIV Congreso Internacional de Medicina /
_cpor el Dr. D. Ángel de Larra y Cerezo.
260 _aMadrid :
_bLa Medicina Militar Española,
_c1904.
300 _a24 p. ;
_c23 cm.
530 _aDisponible en formato digital.
650 4 _aAlimentos-
_xManipulación.
_9163627
650 4 _aAlimentos-
_xConservación.
_9147505
650 4 _aHigiene militar.
_9163628
711 2 _aCongreso Internacional de Medicina (
_n14º.
_d1903.
_cMadrid)
_9256
852 _aES-MaACL
_j1626-F-10
_9 92399
_cDEPOF
_zRevisado enlace: 01 de Abril de 2025
856 _uhttp://bdh-rd.bne.es/viewer.vm?id=0000235912&page=1
_yBiblioteca Digital Hispánica
942 _2udc
999 _c89136
_d89136